000 01907nam a2200385Ia 4500
001 dia_7055
003 CHAP
005 20240514111741.0
007 ta
008 220117s2018 mx abdofr 001 0 spa d
040 _cCHAP
_amxchpua
090 _aT.C.759
_bL67 SAI
_c2018
245 1 0 _aSistema agroindustrial banano (Musa paradisiaca) /
_ccoordinador Vicente López Bautista ; colaboradores Jesús Heriberto Hernández Antonio...[et al.]
260 _aMéxico :
_bEl autor,
_c2018
300 _a72 hojas :
_bilustraciones, mapas, gráficas, diagramas, tablas, fotos +
336 _2rdacontent
_atexto
_btxt
337 _2rdamedia
_ano mediado
_bn
338 _2rdacarrier
_avolumen
_bnc
500 _a6° año -- El CD contiene reporte -- Directorio: h. 57
502 _aViaje de Estudios
_b(SAI) --
_cUACh. Departamento de Ingeniería Agroindustrial,
_d2018
504 _aBibliografía: hojas 53-54
505 _aEmpresas visitadas --
_t1.Las Pampitas, S.P.R. de R.L. -- 2.Asociación Agrícola de Productores del Plátano del Soconusco, A.C. -- 3. Bananeros de la Frontera -- 4. Sector de Producción Mazatán -- 5. Huehuetán -- 6. Asociación agrícola de productos de plátano -- 7. FIRA -- 8. SAGARPA -- 9. Rancho San José Morelia -- 10. Bananera Concordia -- 11. Aeródromo Santo Tomas -- 12. Aeródromo Marte R. Gómez
650 1 3 _aBananos
_xIndustria y comercio
_9152315
_zMéxico
650 1 3 _aBananas
_xIndustry and trade
_9152314
_zMexico
700 1 _aLópez Bautista, Vicente
_9147030
_ecoordinador
700 1 _aHernández Antonio, Jesús Heriberto
_9162882
_ecolaborador
856 4 1 _uhttp://10.13.5.2/ve/TC759SAI/TC759SAI2018-REPORTE.pdf
_yDESCARGAR REPORTE
901 _aT.C.759 L67 SAI 2018
902 _aM
905 _a5232272018 mx dnml8223123322spa16
942 _2local
942 _cVE
999 _c178308
_d178308